000 01193nam a2200241 4500
001 139882
003 ES-MaACL
005 20250701021851.0
007 t|
008 070214s1976 sp r ||||1| spa d
080 _a7(093)(04)
100 1 _aSchlosser, Julius von.
_9144271
245 1 3 _aLa literatura artística
_b: manual de fuentes de la historia moderna del arte /
_cJulius Schlosser ; presentación y adiciones por Antonio Bonet Correa ; [traducción de Esther Benítez, de la tercera edición italiana puesta al día por Otto Kurz] Descripción física: 640 p. : 1 retr. ; 24 cm Nota general: Traducción de: Die Kunstliteratur Encabez. materia: Arte -- Historiografía Autor: Bonet Correa, Antonio (1925-) Autor: Kurz, Otto N. depósito leg.: M 37952-1976.
260 _aMadrid :
_bCátedra,
_c[1976]
300 _a640 p. :
_b1retr. ;
_c24 cm.
594 _aTraducción de: Die Kunstliteratur.
650 4 _aArte-
_vHistoriografía.
_9144272
700 1 _aBonet Correa, Antonio.
_930126
700 1 _aBenítez, Esther,
_d1937-2001
_927600
700 1 _aKurz, Otto.
_969073
852 _aES-MaACL
_jA-6261
999 _c139882
_d139882